000 00860nam a2200217Ii 4500
003 JO-AjNU
008 230605s9999||||xx |||||||||||||| ||und||
017 _a2004/4/748
040 _aJO-AjNU
_bara
_erda
_cJO-AjNU
041 _aara
050 1 4 _aBP134.B35.H35 2004
100 3 _aتاليف حمودة، محمود محمد,
_eauthor
_914081
245 0 0 _aصفات عباد الرحمن من آيات من القرآن: دراسة تفصيلية
250 _aط1
264 3 1 _aعمان: مؤسسة الوراق للنشر والتوزيع، 2004
300 _a196ص
336 _atext
_btxt
_2rdacontent
337 _aunmediated
_bn
_2rdamedia
338 _avolume
_bnc
_2rdacarrier
650 4 _aالاداب الاسلامية - الاخلاق - الثقافة الاسلامية - المسلمون - الايات القرانية - الاسلام
_914082
999 _aA3671
_c7239
_d7239